• 首页
  • 本馆介绍
  • 公告通知
  • 最新文献
  • 馆藏检索
  • 电子资源
  • 读者导购
  • 参考咨询
  • 我的图书馆
  • 登录
  • 详细信息显示
  • 放入我的书架
  • 预约/预借图书
  • 作者相关作品
  • 分类相关作品
  • 丛书相关作品
  • 出版社相关作品

书目信息

  • 表格格式
  • 工作单格式
  • 卡片格式
题名:
且行且思 践行完美
    
 
作者: 周平 著
分册:  
出版信息: 长春   吉林大学出版社  2016.05
页数: 195页
开本: 24cm
丛书名:
单 册:
中图分类: G633.412-53
科图分类:
主题词: 英语课--教学研究--中学--文集
电子资源:
ISBN: 978-7-5677-6602-0
000 00912nam0 2200253 450
001 0120161935141
005 20161026095143.56
010    @a978-7-5677-6602-0@dCNY42.00
100    @a20160707d2016 em y0chiy50 ea
101 0  @achi
102    @aCN@b220000
105    @ak z 000yy
106    @ar
200 1  @a且行且思 践行完美@9qie xing qie si jian xing wan mei@e我这样做教师@f周平著
210    @a长春@c吉林大学出版社@d2016.05
215    @a195页@d24cm
330    @a本书主要内容包括:做会育人的教师——我的班主任工作探索;做有爱心的教师——我的教育案例分享;做会上课的教师——我的生本课堂设计;做会写字的教师——我的教研论文分享等。
333    @a教育工作者
517 1  @a我这样做教师@9wo zhe yang zuo jiao shi
606 0  @a英语课@x教学研究@x中学@j文集
690    @aG633.412-53@v5
701  0 @a周平@9zhou ping@f(1970-)@4著
801  0 @aCN@b人天书店@c20160707
905    @b881090-95@dG633.412-53@e234@f6
    
    且行且思 践行完美:我这样做教师/周平著.-长春:吉林大学出版社,2016.05
    195页;24cm
    使用对象:教育工作者
    
    ISBN 978-7-5677-6602-0:CNY42.00
    本书主要内容包括:做会育人的教师——我的班主任工作探索;做有爱心的教师——我的教育案例分享;做会上课的教师——我的生本课堂设计;做会写字的教师——我的教研论文分享等。
●
相关链接 在E读中查询图书 在五车中查询图书 在当当中查询图书 在豆瓣中查询图书


正题名:且行且思 践行完美     索取号:G633.412-53/234         预约/预借

序号 登录号 条形码 馆藏地/架位号 状态 备注
1 881090   208810900   第一样本阅览室/ [索取号:G633.412-53/234] 在馆    
2 881091   208810919   教育系资料室/ [索取号:G633.412-53/234] 在馆    
3 881092   208810928   教育系资料室/ [索取号:G633.412-53/234] 在馆    
4 881093   208810937   教育系资料室/ [索取号:G633.412-53/234] 在馆    
5 881094   208810946   第四借阅区/ [索取号:G633.412-53/234] 在馆    
6 881095   208810955   第四借阅区/ [索取号:G633.412-53/234] 在馆    
唐山师范学院图书馆 欢迎您!
大连网信软件有限公司© 版权所有